[Event "St Petersburg Rapid 2023"]
[Site "St Petersburg"]
[Date "2023.08.26"]
[Round "1"]
[White "Afanasiev, Nikita"]
[Black "Belov, Andrey"]
[Result "1-0"]
[WhiteElo "2537"]
[BlackElo "1313"]
[PlyCount "67"]
[EventDate "2023.08.26"]
[EventType "swiss (rapid)"]
[EventRounds "11"]
[EventCountry "RUS"]
[SourceTitle "EXT 2024"]
[Source "ChessBase"]
[SourceDate "2023.10.10"]
[SourceVersion "1"]
[SourceVersionDate "2023.10.10"]
[SourceQuality "1"]

1. Nf3 d5 2. g3 c6 3. Bg2 Nf6 4. 0-0 g6 5. d4 Bg7 6. c4 0-0 7. Qa4 dxc4 8. Qxc4 Be6 9. Qa4 Bd5 10. Nc3 Bxf3 11. Bxf3 Nbd7 12. Rd1 Qc7 13. e4 Nb6 14. Qb3 Rad8 15. Bf4 Qc8 16. Rac1 e6 17. a4 Rfe8 18. Nb5 Qd7 19. Nxa7 Nc8 20. Nb5 Qe7 21. Nc7 Rf8 22. Qxb7 Nh5 23. Bxh5 gxh5 24. e5 Qd7 25. Qxc6 Ne7 26. Qxd7 Rxd7 27. Nb5 Nd5 28. Rc6 Ra8 29. b3 Bf8 30. Rdc1 Bb4 31. Bh6 Rdd8 32. R1c4 Be7 33. Nc7 Nxc7 34. Rxc7 1-0